00326nam a2200109Ia 4500008004100000082000800041100002400049245002500073942000600098952009700104999001500201240331s9999 xx 000 0 und d bJAY aJayawardane, Kumari 0aKaralikara Bhikshuhu cL 001040708LaWERCLbWERCLcSSCd2024-03-31l0o 322.1 JAYp3105r2024-03-31w2024-03-31yL c5481d5481